000 00472nam a22001817a 4500
999 _c5281
_d5281
003 GBCCL
005 20241126110537.0
008 180312b ||||| |||| 00| 0 eng d
020 _a8172146930
040 _cgbc
082 _a248.32
_bEXP
245 _aExperiences with the Jesus prayer and Guidelines for its Practice
260 _aDelhi:
_bISPCK,
_c2002
300 _a152 p.;
_c22 cm.
440 _aChristian Emphasis
_99528
650 _aPrayer
_9332
942 _2ddc
_cBK